Intellectuals and power : (Record no. 22580)
[ view plain ]
| 000 -LEADER | |
|---|---|
| fixed length control field | 01602cam a22003855a 4500 |
| 001 - CONTROL NUMBER | |
| control field | 016912421 |
| 003 - CONTROL NUMBER IDENTIFIER | |
| control field | OSt |
| 005 - DATE AND TIME OF LATEST TRANSACTION | |
| control field | 20161015130939.0 |
| 008 - FIXED-LENGTH DATA ELEMENTS--GENERAL INFORMATION | |
| fixed length control field | 141016t2015 enk frb 001 0 eng d |
| 020 ## - INTERNATIONAL STANDARD BOOK NUMBER | |
| International Standard Book Number | 9780745668413 (pb) |
| 040 ## - CATALOGING SOURCE | |
| Original cataloging agency | StDuBDS |
| Language of cataloging | eng |
| Transcribing agency | StDuBDS |
| Modifying agency | Uk |
| -- | EG-ScBUE |
| 041 1# - LANGUAGE CODE | |
| Language code of text/sound track or separate title | eng |
| Language code of original and/or intermediate translations of text | fre |
| 082 04 - DEWEY DECIMAL CLASSIFICATION NUMBER | |
| Classification number | 194 |
| Item number | LAR |
| Edition number | 22 |
| 100 1# - MAIN ENTRY--PERSONAL NAME | |
| Personal name | Laruelle, François. |
| 240 10 - UNIFORM TITLE | |
| Uniform title | <a href="L’ultime honneur des intellectuels.">L’ultime honneur des intellectuels.</a> |
| Language of a work | English |
| 245 10 - TITLE STATEMENT | |
| Title | Intellectuals and power : |
| Remainder of title | the insurrection of the victim / |
| Statement of responsibility, etc | François Laruelle ; in conversation with Philippe Petit ; translated by Anthony Paul Smith. |
| 246 33 - VARYING FORM OF TITLE | |
| Title proper/short title | Ultime honneur des intellectuels |
| 246 30 - VARYING FORM OF TITLE | |
| Title proper/short title | Insurrection of the victim |
| 250 ## - EDITION STATEMENT | |
| Edition statement | English ed. |
| 260 ## - PUBLICATION, DISTRIBUTION, ETC. (IMPRINT) | |
| Place of publication, distribution, etc | Cambridge ; |
| -- | Malden : |
| Name of publisher, distributor, etc | Polity Press, |
| Date of publication, distribution, etc | c.2015. |
| 300 ## - PHYSICAL DESCRIPTION | |
| Extent | xxv, 155 p. ; |
| Dimensions | 23 cm. |
| 500 ## - GENERAL NOTE | |
| General note | Includes index. |
| 504 ## - BIBLIOGRAPHY, ETC. NOTE | |
| Bibliography, etc | Includes bibliographical references.<br/> |
| 520 ## - SUMMARY, ETC. | |
| Summary, etc | In this important new book, the leading philosopher Francois Laruelle examines the role of intellectuals in our societies today, specifically with regards to criminal justice. |
| 546 ## - LANGUAGE NOTE | |
| Language note | Text in English ; translated from original French. |
| 650 #0 - SUBJECT ADDED ENTRY--TOPICAL TERM | |
| Topical term or geographic name as entry element | Intellectuals |
| General subdivision | Social aspects |
| -- | Philosophy |
| Form subdivision | Interviews. |
| Source of heading or term | BUEsh |
| 650 #0 - SUBJECT ADDED ENTRY--TOPICAL TERM | |
| Topical term or geographic name as entry element | Power (Philosophy) |
| Form subdivision | Interviews. |
| Source of heading or term | BUEsh |
| 650 #0 - SUBJECT ADDED ENTRY--TOPICAL TERM | |
| Topical term or geographic name as entry element | Victims of crime |
| General subdivision | Philosophy |
| Form subdivision | Interviews. |
| Source of heading or term | BUEsh |
| 650 #0 - SUBJECT ADDED ENTRY--TOPICAL TERM | |
| Topical term or geographic name as entry element | Philosophy, French |
| Chronological subdivision | 21st century |
| Form subdivision | Interviews. |
| Source of heading or term | BUEsh |
| 651 ## - SUBJECT ADDED ENTRY--GEOGRAPHIC NAME | |
| Source of heading or term | BUEsh |
| 653 ## - INDEX TERM--UNCONTROLLED | |
| Resource For college | BAEPS, Political Science |
| Arrived date list | October2016 |
| 700 1# - ADDED ENTRY--PERSONAL NAME | |
| Personal name | Petit, Philippe, |
| Relator term | interviewer. |
| 700 1# - ADDED ENTRY--PERSONAL NAME | |
| Personal name | Smith, Anthony Paul, |
| Dates associated with a name | 1982- |
| Relator term | translator. |
| 942 ## - ADDED ENTRY ELEMENTS (KOHA) | |
| Source of classification or shelving scheme | Dewey Decimal Classification |
| Withdrawn status | Item status | Source of classification or shelving scheme | Damaged status | Not for loan | Vendor | Home library | Current library | Shelving location | Date acquired | Source of acquisition | Cost, normal purchase price | Serial Enumeration / chronology | Total Checkouts | Full call number | Barcode | Date last seen | Cost, replacement price | Koha item type |
|---|---|---|---|---|---|---|---|---|---|---|---|---|---|---|---|---|---|---|
| Dewey Decimal Classification | Academic Bookshop | Central Library | Central Library | Lower Floor | 15/10/2016 | Purchase | 180.00 | 9130 | 194 LAR | 000034072 | 15/07/2025 | 225.00 | Book - Borrowing |